000 00321nam a2200133Ia 4500
008 220204s9999 xx 000 0 und d
082 _aNR:62
_bMOA
100 _aMoakes, R C W
245 0 _aRubber technology
260 _aNew York
_bAcademic
_c1951
650 _aRubber compounding
700 _aWake, W C
942 _cBK
999 _c20471
_d20471